[Collection of auction particulars dating from 1813-1889] (Record no. 116468)

MARC details
000 -LEADER
fixed length control field 00739cac a22001815a 4500
001 - CONTROL NUMBER
control field L140772
008 - FIXED-LENGTH DATA ELEMENTS--GENERAL INFORMATION
fixed length control field 071010i18131889xxk eng u
035 ## - SYSTEM CONTROL NUMBER
System control number (Sirsi) u140772
041 ## - LANGUAGE CODE
Language code of text/sound track or separate title eng
245 01 - TITLE STATEMENT
Title [Collection of auction particulars dating from 1813-1889]
Medium [manuscript]
260 ## - PUBLICATION, DISTRIBUTION, ETC.
Date of publication, distribution, etc. 1813-1889
300 ## - PHYSICAL DESCRIPTION
Extent 1 v.
Dimensions 44 cm.
351 ## - ORGANIZATION AND ARRANGEMENT OF MATERIALS
Hierarchical level Fonds
500 ## - GENERAL NOTE
General note Auctioneers include William Hall, W. G. Preece and Son, Shuttleworth and Sons, George Robins, Mr Deck, Southey and Son, F. and A. Mellersh, Mr Winch, Mr Chubb, Mr Willock, Sefton and Teulon, W. R. Galsier, Rushworth, Abbott & Co.
651 4# - SUBJECT ADDED ENTRY--GEOGRAPHIC NAME
Geographic name United Kingdom
Chronological subdivision
690 ## - LOCAL SUBJECT ADDED ENTRY--TOPICAL TERM (OCLC, RLIN)
Topical term or geographic name as entry element PROPERTY-PROPERTY ACQUISITION AND DISPOSAL-ACQUISITION AND DISPOSAL AT AUCTION
942 ## - ADDED ENTRY ELEMENTS (KOHA)
Suppress in OPAC 0
Holdings
Withdrawn status Lost status Source of classification or shelving scheme Damaged status Not for loan Home library Current library Shelving location Date acquired Total Checkouts Full call number Barcode Date last seen Copy number Price effective from Koha item type
    Dewey Decimal Classification     Historic collection Historic collection Historic collection 10/10/2007   MAP CABINET DRAWER 6 140772-2001 06/08/2019 1 06/08/2019 Archive